[Event "NED-ch U10"]
[Site "Borne"]
[Date "2013.08.09"]
[Round "9"]
[White "Van der Noordaa, Niek"]
[Black "Geelhoed, Frits"]
[Result "0-1"]
[WhiteElo "361"]
[BlackElo "647"]
[PlyCount "26"]
[EventDate "2013.04.??"]
[EventType "swiss"]
[EventRounds "12"]
[EventCountry "NED"]
[SourceTitle "EXT 2015"]
[Source "ChessBase"]
[SourceDate "2014.11.20"]
[SourceVersion "1"]
[SourceVersionDate "2014.11.20"]
[SourceQuality "1"]

1. e4 e5 2. Nf3 Nc6 3. Bc4 Nd4 4. Nxd4 exd4 5. Qh5 Qf6 6. 0-0 Bd6 7. Qh3 Be5 8. g3 d5 9. exd5 Bxh3 10. Re1 Qf3 11. Bb5+ Ke7 12. Rxe5+ Kd6 13. Re3 Qg2# 0-1

[Event "NED-ch U10"]
[Site "Borne"]
[Date "2013.08.08"]
[Round "8"]
[White "Van der Noordaa, Niek"]
[Black "Schelleman, Martijn"]
[Result "1-0"]
[WhiteElo "361"]
[BlackElo "597"]
[PlyCount "25"]
[EventDate "2013.04.??"]
[EventType "swiss"]
[EventRounds "12"]
[EventCountry "NED"]
[SourceTitle "EXT 2015"]
[Source "ChessBase"]
[SourceDate "2014.11.20"]
[SourceVersion "1"]
[SourceVersionDate "2014.11.20"]
[SourceQuality "1"]

1. e4 e5 2. Bc4 Nf6 3. Nf3 Bd6 4. Ng5 0-0 5. Qf3 h6 6. Bxf7+ Rxf7 7. Nxf7 Kxf7 8. Qd1 Nc6 9. 0-0 Bc5 10. Qf3 d6 11. Nc3 Bg4 12. Qg3 Bh5 13. d3 1-0